000 00385pab a2200145 454500
008 180718b2006 xxu||||| |||| 00| 0 eng d
100 _aDubey, Parag
245 _aCross cultural management and inclusive growth: lessons from Japanese experience
260 _c2006
300 _ap.217-36.
650 _aManagement
773 _aManagement and Change
908 _aN
909 _a74966
999 _c74966
_d74966